[Event "EU-Cup 34th"]
[White "Boland, Dylan"]
[Black "Andersen, Soren Mikkel"]
[Site "Porto Carras"]
[Round "6.4"]
[Result "0-1"]
[Date "2018.10.17"]
[WhiteElo "1830"]
[BlackElo "2159"]
[PlyCount "198"]
[EventDate "2018.10.12"]
[EventType "team-swiss"]
[EventRounds "7"]
[EventCountry "GRE"]
[SourceTitle "CBM 187"]
[Source "ChessBase"]
[SourceDate "2018.12.11"]
[SourceVersion "1"]
[SourceVersionDate "2018.12.11"]
[SourceQuality "1"]
[WhiteTeam "St Benildus"]
[BlackTeam "Bronshoj"]
[WhiteTeamCountry "IRL"]
[BlackTeamCountry "DEN"]

1. d4 d5 2. c4 c6 3. Nf3 Nf6 4. Nc3 e6 5. e3 Nbd7 6. Bd3 dxc4 7. Bxc4 b5 8. Bd3 a6 9. 0-0 c5 10. Re1 Bb7 11. Qe2 Be7 12. a3 Qc7 13. Bd2 Rc8 14. Rac1 0-0 15. dxc5 Nxc5 16. Bc2 Qb8 17. h3 Nce4 18. Red1 Nxd2 19. Rxd2 b4 20. axb4 Bxb4 21. Rd4 Bc5 22. Ra4 g6 23. Bd3 Rc6 24. Ne4 Be7 25. Nxf6+ Bxf6 26. Rxc6 Bxc6 27. Rxa6 Rc8 28. Ra1 Qxb2 29. Qxb2 Bxb2 30. Rb1 Bf6 31. Rc1 Rd8 32. Bxg6 Bxf3 33. Bxh7+ Kxh7 34. gxf3 Kg6 35. Rc4 Rg8 36. Kh2 Be5+ 37. Kh1 Ra8 38. Rc5 Bf6 39. Rc4 Ra5 40. Re4 Rb5 41. Rc4 Be7 42. Rg4+ Kh6 43. Rc4 Rb7 44. Ra4 Bb4 45. Kg2 Kh5 46. Kh1 Be1 47. Ra2 Bc3 48. Rc2 Bf6 49. Rc5+ Kh4 50. Kg2 Be7 51. Rc4+ Kh5 52. Rc2 Bh4 53. Rc8 Bf6 54. Rc5+ Kg6 55. Rc4 Rb2 56. Ra4 Be7 57. Rg4+ Kh6 58. Rf4 f5 59. Rd4 Kg6 60. Ra4 Bc5 61. Kg3 Bb4 62. Ra1 Kh5 63. Rc1 Be7 64. Rc4 Bd6+ 65. Kg2 Bb4 66. Rc6 e5 67. Rb6 f4 68. exf4 exf4 69. Rb7 Bc3 70. Rh7+ Kg6 71. Rh4 Kg5 72. Rg4+ Kf5 73. Kf1 Bd4 74. Rg2 Rb1+ 75. Ke2 Rh1 76. Kd3 Bf6 77. Rg8 Rxh3 78. Ke2 Rh1 79. Rc8 Rb1 80. Rc5+ Be5 81. Ra5 Rb2+ 82. Kf1 Ke6 83. Ra4 Bd6 84. Ra5 Be7 85. Ra4 Bd6 86. Ra6 Kd5 87. Ra4 Be5 88. Ra5+ Kd4 89. Ra4+ Kd3 90. Re4 Rb1+ 91. Kg2 Rb5 92. Kf1 Kd2 93. Kg2 Ra5 94. Kh3 Kd3 95. Kg2 Bd6 96. Kf1 Rh5 97. Kg2 Rg5+ 98. Kh1 Re5 99. Ra4 Ke2 0-1

[Event "Gonzaga Masters"]
[White "Copeland, Dean"]
[Black "Boland, Dylan"]
[Site "Dublin"]
[Round "4"]
[Result "1/2-1/2"]
[Date "2016.01.24"]
[WhiteElo "1801"]
[BlackElo "1855"]
[PlyCount "81"]
[EventDate "2016.01.22"]
[EventType "swiss"]
[EventRounds "5"]
[EventCountry "IRL"]
[SourceTitle "EXT 2023"]
[Source "ChessBase"]
[SourceDate "2022.10.05"]
[SourceVersion "1"]
[SourceVersionDate "2022.10.05"]
[SourceQuality "1"]

1. e4 e6 2. d4 b6 3. Bd3 Bb7 4. Nf3 Nf6 5. Nbd2 d5 6. Qe2 Be7 7. 0-0 c5 8. c3 Nc6 9. Bb5 0-0 10. Bxc6 Bxc6 11. e5 Ne4 12. Rd1 Nxd2 13. Bxd2 a6 14. Be3 Bb5 15. Qd2 Rc8 16. Rac1 a5 17. b3 Ba6 18. a4 c4 19. b4 b5 20. axb5 Bxb5 21. bxa5 Ba4 22. Re1 Ra8 23. Ra1 Rxa5 24. Reb1 Bb3 25. Qb2 Qb6 26. Nd2 Rb5 27. Nxb3 Rxb3 28. Qa2 h6 29. Rxb3 Qxb3 30. Qxb3 cxb3 31. Bc1 Rb8 32. Rb1 Kh7 33. Bb2 g5 34. Ra1 Rb7 35. g4 Kg6 36. Kg2 f6 37. exf6 Bxf6 38. Ra6 Kf7 39. h3 Rb5 40. Ra7+ Kg6 41. Ra6 1/2-1/2

[Event "Gonzaga Masters"]
[White "Boland, Dylan"]
[Black "O'Donnell, Conor"]
[Site "Dublin"]
[Round "1"]
[Result "0-1"]
[Date "2016.01.22"]
[WhiteElo "1855"]
[BlackElo "2302"]
[PlyCount "53"]
[EventDate "2016.01.22"]
[EventType "swiss"]
[EventRounds "5"]
[EventCountry "IRL"]
[SourceTitle "EXT 2023"]
[Source "ChessBase"]
[SourceDate "2022.10.05"]
[SourceVersion "1"]
[SourceVersionDate "2022.10.05"]
[SourceQuality "1"]

1. d4 Nf6 2. Nf3 c5 3. c4 e6 4. e3 cxd4 5. Nxd4 b6 6. Nc3 Bb7 7. b3 Bb4 8. Bb2 0-0 9. f3 d5 10. Qc2 e5 11. Nf5 d4 12. 0-0-0 dxc3 13. Rxd8 cxb2+ 14. Kxb2 Rxd8 15. Bd3 Na6 16. Rd1 Rd7 17. a3 Rad8 18. axb4 Nxb4 19. Qc3 Nxd3+ 20. Ka3 g6 21. Ne7+ Kf8 22. Rxd3 Rxd3 23. Qb4 Kg7 24. e4 Nd7 25. Nd5 Bxd5 26. exd5 Nc5 27. h4 0-1

[Event "Dublin Masters"]
[White "O'Gorman, Tom"]
[Black "Boland, Dylan"]
[Site "Dublin"]
[Round "3"]
[Result "1/2-1/2"]
[Date "2015.09.12"]
[WhiteElo "1931"]
[BlackElo "1766"]
[PlyCount "78"]
[EventDate "2015.09.11"]
[EventType "swiss"]
[EventRounds "5"]
[EventCountry "IRL"]
[SourceTitle "EXT 2023"]
[Source "ChessBase"]
[SourceDate "2022.10.05"]
[SourceVersion "1"]
[SourceVersionDate "2022.10.05"]
[SourceQuality "1"]

1. e4 e6 2. d4 c5 3. Nf3 d5 4. Nbd2 Nc6 5. c3 Nf6 6. e5 Nd7 7. Bd3 Be7 8. 0-0 b6 9. a3 a6 10. b4 Bb7 11. Rb1 Qc7 12. Re1 g5 13. Nf1 g4 14. Ng5 h5 15. Qc2 Bxg5 16. Bxg5 c4 17. Be2 b5 18. f3 Rg8 19. Bh4 Nf8 20. Ng3 Ng6 21. Bf6 h4 22. Nh5 g3 23. h3 Nce7 24. f4 Nf5 25. Bg4 Nfe7 26. Rf1 0-0-0 27. a4 Kb8 28. Ra1 Bc6 29. axb5 axb5 30. Ra5 Kb7 31. Rfa1 Ra8 32. Qa2 Rxa5 33. bxa5 Ka6 34. Qa3 Bb7 35. Kf1 Rb8 36. Ke2 Ng8 37. f5 Nxf6 38. Nxf6 exf5 39. Bxf5 Nxe5 1/2-1/2

[Event "Dublin Masters"]
[White "Boland, Dylan"]
[Black "Moran, Stephen"]
[Site "Dublin"]
[Round "1"]
[Result "0-1"]
[Date "2015.09.11"]
[WhiteElo "1766"]
[BlackElo "2101"]
[PlyCount "82"]
[EventDate "2015.09.11"]
[EventType "swiss"]
[EventRounds "5"]
[EventCountry "IRL"]
[SourceTitle "EXT 2023"]
[Source "ChessBase"]
[SourceDate "2022.10.05"]
[SourceVersion "1"]
[SourceVersionDate "2022.10.05"]
[SourceQuality "1"]

1. Nf3 Nf6 2. d4 g6 3. c4 Bg7 4. Nc3 d5 5. Bf4 0-0 6. e3 c5 7. Be5 cxd4 8. exd4 dxc4 9. Bxc4 Nc6 10. h3 Bf5 11. 0-0 Rc8 12. Qe2 Nxe5 13. dxe5 Nh5 14. e6 Nf4 15. exf7+ Kh8 16. Qe3 Rxc4 17. Ne5 Rd4 18. Nf3 Nd5 19. Qg5 Nxc3 20. Nxd4 Ne4 21. Qf4 Qxd4 22. Qc7 Qd7 23. Qa5 b6 24. Qb4 Nd6 25. Rfe1 Rxf7 26. g4 Be6 27. Rad1 Rf8 28. Re2 Bg8 29. f4 Qc7 30. b3 a5 31. Qd2 Qc5+ 32. Kg2 Nb5 33. Rde1 Bd5+ 34. Kg3 e6 35. Rc1 Nc3 36. Ree1 Qd4 37. Qxd4 Bxd4 38. Rc2 b5 39. Rf1 b4 40. Kh4 Be3 41. Kg5 Kg7 0-1

[Event "IRL-ch"]
[White "Fox, Anthony"]
[Black "Boland, Dylan"]
[Site "Dublin"]
[Round "3"]
[Result "1/2-1/2"]
[Date "2015.07.06"]
[WhiteElo "2035"]
[BlackElo "1682"]
[PlyCount "66"]
[EventDate "2015.07.04"]
[EventType "swiss"]
[EventRounds "9"]
[EventCountry "IRL"]
[SourceTitle "CBM 167 Extra"]
[Source "ChessBase"]
[SourceDate "2015.09.14"]
[SourceVersion "1"]
[SourceVersionDate "2015.09.14"]
[SourceQuality "1"]

1. e4 c5 2. Nc3 d6 3. g3 Nc6 4. Bg2 g6 5. d3 Bg7 6. Be3 e6 7. Qd2 h5 8. h3 Nge7 9. Nge2 Nd4 10. Nd1 Nxe2 11. Qxe2 Qc7 12. 0-0 Bd7 13. Qd2 0-0 14. Bh6 d5 15. Bxg7 Kxg7 16. exd5 exd5 17. Nc3 Be6 18. Rae1 Rad8 19. Ne2 Rfe8 20. Qg5 Ng8 21. Nf4 Nf6 22. Re2 Qd7 23. Rfe1 Bf5 24. Qh4 d4 25. Kf1 b5 26. b3 b4 27. Re5 Rxe5 28. Rxe5 Qd6 29. Re1 Re8 30. Rxe8 Nxe8 31. Nd5 Nf6 32. Qf4 Qxf4 33. Nxf4 g5 1/2-1/2

[Event "IRL-ch"]
[White "Boland, Dylan"]
[Black "Brady, Stephen"]
[Site "Dublin"]
[Round "2"]
[Result "0-1"]
[Date "2015.07.05"]
[WhiteElo "1682"]
[BlackElo "2349"]
[PlyCount "91"]
[EventDate "2015.07.04"]
[EventType "swiss"]
[EventRounds "9"]
[EventCountry "IRL"]
[SourceTitle "CBM 167 Extra"]
[Source "ChessBase"]
[SourceDate "2015.09.14"]
[SourceVersion "1"]
[SourceVersionDate "2015.09.14"]
[SourceQuality "1"]

1. Nf3 e6 2. d4 Nf6 3. c4 b6 4. g3 Ba6 5. Bg2 Bxc4 6. Nfd2 Bd5 7. e4 Bb7 8. Nc3 c5 9. d5 Be7 10. 0-0 exd5 11. exd5 d6 12. Re1 0-0 13. a4 Na6 14. Nc4 Nb4 15. Bf4 Re8 16. Qd2 Qd7 17. Rad1 Bf8 18. Nb5 Rxe1+ 19. Rxe1 Bxd5 20. Bxd5 Nbxd5 21. Bxd6 Bxd6 22. Nbxd6 Rd8 23. Ne4 Nxe4 24. Rxe4 Nf6 25. Re2 Qxd2 26. Rxd2 Rxd2 27. Nxd2 Kf8 28. Kf1 Ke7 29. Ke2 Kd6 30. h3 Kd5 31. Kd3 Nd7 32. b3 Ne5+ 33. Kc3 g5 34. Nf1 f6 35. Nd2 h5 36. Nf1 a6 37. Nd2 b5 38. a5 Nc6 39. f3 f5 40. g4 b4+ 41. Kc2 hxg4 42. hxg4 fxg4 43. fxg4 Ne5 44. Kb2 c4 45. bxc4+ Nxc4+ 46. Kc2 0-1